000 00652cam a22002051 4500
001 e 10002099
003 DLC
005 20260227111154.0
008 780424s1882 fr 000 0 fre c
010 _ae 10002099
035 _a(OCoLC)3823706
040 _aLibrary, U.S. Bur. of Education
_cDNIE
_dOCoLC
_dDLC
042 _apremarc
050 0 0 _aLA715.D5
_bM8
100 1 _aMuteau, Charles,
_d1824-1910.
245 1 4 _aLes écoles et collèges en provence depuis les temps les plus reculés jusqu'en 1789,
_cpar Charles Muteau.
260 _aDijon,
_bImpr. Darantiere,
_c1882.
300 _axlv, 601 p., 1 l.
_c23 cm.
650 0 _aEducation
_zFrance.
999 _c19086
_d19086